La función del castigo : (Registro nro. 172796)

Detalles MARC
000 -LEADER
fixed length control field 01026nam a22003011i 4500
001 - CONTROL NUMBER
control field bslw10057542
006 - FIXED-LENGTH DATA ELEMENTS--ADDITIONAL MATERIAL CHARACTERISTICS--GENERAL INFORMATION
fixed length control field m o d
007 - PHYSICAL DESCRIPTION FIXED FIELD--GENERAL INFORMATION
fixed length control field cr un ---uuuua
008 - FIXED-LENGTH DATA ELEMENTS--GENERAL INFORMATION
fixed length control field 230608s2022 ck ob 000 0 spa d
020 ## - INTERNATIONAL STANDARD BOOK NUMBER
International Standard Book Number 9789587915532
035 ## -
-- 38468
040 ## - CATALOGING SOURCE
Original cataloging agency UtOrBLW
Language of cataloging eng
Description conventions rda
Transcribing agency UtOrBLW
050 #4 -
-- K5104
-- .S65 2022
082 04 -
-- 345.0773
-- 23
100 1# - MAIN ENTRY--PERSONAL NAME
Personal name Solórzano López, Miguel Ángel,
Relator term author.
245 13 - TITLE STATEMENT
Title La función del castigo :
Remainder of title una mirada desde la filosofía : de platón a hegel /
Statement of responsibility, etc Miguel Ángel Solórzano López.
264 #1 -
-- Bogotá, Colombia :
-- Grupo Editorial Ibáñez,
-- [2022]
300 ## - PHYSICAL DESCRIPTION
Extent 1 online resource (135 pages)
336 ## -
-- text
-- txt
-- rdacontent
337 ## -
-- computer
-- c
-- rdamedia
338 ## -
-- online resource
-- cr
-- rdacarrier
504 ## - BIBLIOGRAPHY, ETC. NOTE
Bibliography, etc Includes bibliographical references.
650 #0 - SUBJECT ADDED ENTRY--TOPICAL TERM
Topical term or geographic name as entry element Capital punishment
General subdivision Philosophy.
650 #0 - SUBJECT ADDED ENTRY--TOPICAL TERM
Topical term or geographic name as entry element Criminal law
General subdivision Philosophy.
856 40 - LOCALIZACIÓN Y ACCESO ELECTRÓNICO
Identificador Uniforme del Recurso (URI/URL) https://app.vlex.com/#/sources/38468
942 ## -
-- RAA
999 ## -
-- 172796
-- 172796

No hay ítems disponibles.


CONTACTO


NOSOTROS


SITIOS DE INTERES

coordinacion.biblioteca.biblioteca@unienlinea.mx Misión, Visión y Objetivos Bases de datos
Directorio Bibliotecas Digitales y Repositorios
Normatividad Revistas y artículos
Convenios interbibliotecarios
Boletines



Hecho en México. Universidad Insurgentes (UIN). Todos los derechos reservados 2024. Esta página y sus contenidos pueden ser reproducidos con fines no lucrativos, siempre y cuando no se mutile, se cite la fuente completa y su dirección electrónicas. De otra forma requiere permiso previo por escrito de la institución




2024 Copyright Universidad Insurgentes | www.bibliouin.com.mx